Statistics for Regions of South Carolina

Click here to take the quiz!

General Stats

  • This quiz has been taken 3 times
  • The average score is 2 of 5

Answer Stats

Region% Correct
Piedmont
100%
Blue Ridge
33%
Sandhills
33%
Central Plain
0%
Coastal Zone
0%

Score Distribution

Percentile by Number Answered

Percent of People with Each Score

Your Score History

You have not taken this quiz